00733nam a2200205 a 450000100100000000500170001000800410002702000180006802000290008604000250011508200210014010000310016124500760019226000420026830000240031050000520033450000600038650000530044650400280049900004709920201002053345.0180416s2006 dr a 000 0 spa d a9789945468649 a9789945468700 (cuaderno) aDO-SdBNPbspacBNPHU axxxxbT233a, 3ro1 aTaveras de Frías, Reyita10aAprendamos matemática 3 :btercer grado /cReyita Taveras de Frías. aSanto Domingo :bAlfa y Omega,c2006. av. :bil. ;c28 cm. aIncluye datos biográficos de la autora p. 174 aLa biblioteca posee el cuaderno y libro del estudiantes aMinisterio de Educación República Dominicana aBibliografía : p. 175